• 首页
  • 本馆介绍
  • 公告通知
  • 最新文献
  • 馆藏检索
  • 电子资源
  • 读者导购
  • 参考咨询
  • 我的图书馆
  • 登录
  • 详细信息显示
  • 放入我的书架
  • 预约/预借图书
  • 作者相关作品
  • 分类相关作品
  • 丛书相关作品
  • 出版社相关作品

书目信息

  • 表格格式
  • 工作单格式
  • 卡片格式
题名:
高等代数与解析几何
    
 
作者: 易忠 主编 ;钟祥贵 编著
分册: 下册  
出版信息: 北京   清华大学出版社  2019.1
页数: 266页
开本: 21cm
丛书名:
单 册:
中图分类: O15 , O182
科图分类:
主题词: 高等代数--高等学校--教材 , 解析几何--高等学校--教材
电子资源:
ISBN: 978-7-302-15188-3
000 00929nam0 2200265 45
001 012001000922
005 20211013144318.28
010    @a978-7-302-15188-3@dCNY19.80
100    @a20070327d2007 em y0chiy50 ea
101 0  @achi
102    @aCN@b110000
105    @ay z 000yy
106    @ar
200 1  @a高等代数与解析几何@Agao deng dai shu yu jie xi ji he@h下册@b专著@f易忠主编@g钟祥贵[等]编著
210    @a北京@c清华大学出版社@d2019.1
215    @a266页@d21cm
330    @a本书系统介绍了高等代数与解析几何的基本理论、方法和某些应用,内容有:线性变换的可对角化问题、欧几里德空间、二次型与双线性函数、二次曲线的一般理论、一元多项式、多元多项式。
606 0  @a高等代数@x高等学校@j教材
606 0  @a解析几何@x高等学校@j教材
690    @aO15@v4
690    @aO182@v4
701  0 @a易忠@Ayi zhong@4主编
702  0 @a钟祥贵@Azhong xiang gui@4编著
801  0 @aCN@bBJSDL@c20211011
905    @b1336200-3@dO15@e567:2@f4
    
    高等代数与解析几何.下册/易忠主编/钟祥贵[等]编著.-北京:清华大学出版社,2019.1
    266页;21cm
    
    
    ISBN 978-7-302-15188-3:CNY19.80
    本书系统介绍了高等代数与解析几何的基本理论、方法和某些应用,内容有:线性变换的可对角化问题、欧几里德空间、二次型与双线性函数、二次曲线的一般理论、一元多项式、多元多项式。
●
相关链接 在E读中查询图书 在五车中查询图书 在当当中查询图书 在豆瓣中查询图书


正题名:高等代数与解析几何     索取号:O15/567:2         预约/预借

序号 登录号 条形码 馆藏地/架位号 状态 备注
1 1336200   213362001   第二样本阅览室/ [索取号:O15/567:2] 在馆    
2 1336201   213362010   第三借阅区/ [索取号:O15/567:2] 在馆    
3 1336202   213362029   第三借阅区/ [索取号:O15/567:2] 在馆    
4 1336203   213362038   第三借阅区/ [索取号:O15/567:2] 在馆    
唐山师范学院图书馆 欢迎您!
大连网信软件有限公司© 版权所有